|
|
|
|
| LEADER |
00000cam a2200000 a 4500 |
| 001 |
13166 |
| 003 |
Ucuenca |
| 005 |
20230308175605.0 |
| 008 |
969062|1967 sp |||||r|||||||||||spa|| |
| 040 |
|
|
|b spa
|
| 041 |
0 |
|
|a spa
|
| 082 |
0 |
|
|a 615.328
|
| 245 |
|
|
|a Análisis de vitaminas:
|c Rolf Strohecker y Heinz M. Henning
|h imp
|b métodos comprobados
|
| 264 |
|
|
|a Madrid
|b Paz Montalvo
|c 1967
|
| 300 |
|
|
|a 428 páginas:
|b ilu
|c 24.5 cm
|
| 504 |
|
|
|a incl. ref.
|
| 650 |
|
|
|a Vitaminas-Analisis
|9 84140
|
| 650 |
|
|
|a Analisis de vitaminas
|9 84141
|
| 700 |
1 |
|
|a Strohecker, Rolf
|9 210402
|
| 700 |
1 |
|
|a Henning, Heinz M.
|9 210403
|
| 700 |
1 |
|
|a Mayor, F.
|e traductor
|9 210404
|
| 852 |
|
|
|a UC-SALUD
|f Compra
|l 1
|m General
|p 19690620
|q S/. 240
|t 13166
|b 0
|d CDRS
|e CDRS
|g 615.328 13166
|z 1969-90-62
|
| 942 |
|
|
|c BK
|
| 999 |
|
|
|c 50392
|d 50392
|